[Event "Neumarkt an der Ybbs op 9th"]
[Site "Neumarkt an der Ybbs"]
[Date "2011.07.21"]
[Round "1.1"]
[White "Teuber, Andreas"]
[Black "Hofer, Walter"]
[Result "1-0"]
[WhiteElo "2190"]
[BlackElo "1770"]
[PlyCount "87"]
[EventDate "2011.07.21"]
[EventType "swiss"]
[EventRounds "5"]
[EventCountry "AUT"]
[SourceTitle "EXT 2024"]
[Source "ChessBase"]
[SourceDate "2023.10.10"]
[SourceVersion "1"]
[SourceVersionDate "2023.10.10"]
[SourceQuality "1"]

1. d4 Nf6 2. c4 g6 3. Nc3 d5 4. e3 Bg7 5. Qb3 c6 6. Nf3 0-0 7. Bd2 Qb6 8. Qxb6 axb6 9. cxd5 Rd8 10. dxc6 bxc6 11. Bc4 c5 12. Nb5 Nc6 13. Bc3 Ne4 14. Bd3 Nxc3 15. bxc3 Ra5 16. Ke2 Bg4 17. a4 f5 18. h3 Bxf3+ 19. gxf3 e5 20. d5 Na7 21. e4 f4 22. Nc7 Rd7 23. Ne6 Bf6 24. Bc4 Nc8 25. Bb5 Rda7 26. Rab1 Nd6 27. Bc6 R5a6 28. Rb3 Kf7 29. Rhb1 Nc8 30. Rh1 Nd6 31. h4 Be7 32. h5 g5 33. Rhb1 Nc8 34. h6 Kg6 35. Bb5 Ra5 36. Be8+ Kf6 37. Rg1 Nd6 38. Bc6 Kg6 39. Rxb6 c4 40. Nxg5 Kxh6 41. Be8 Rxa4 42. Nf7+ Kh5 43. Nxd6+ Kh6 44. Nf5# 1-0

[Event "Leutersdorf Sparkasse op 15th"]
[Site "Leutersdorf"]
[Date "2011.02.20"]
[Round "7"]
[White "Richter, Volker"]
[Black "Teuber, Andreas"]
[Result "1/2-1/2"]
[WhiteElo "2084"]
[BlackElo "2167"]
[PlyCount "53"]
[EventDate "2011.02.18"]
[EventType "swiss"]
[EventRounds "7"]
[EventCountry "GER"]
[SourceTitle "CBM 141 Extra"]
[Source "ChessBase"]
[SourceDate "2011.05.03"]
[SourceVersion "1"]
[SourceVersionDate "2011.05.03"]
[SourceQuality "1"]

1. e4 d6 2. d4 Nf6 3. Nc3 g6 4. Bg5 Nbd7 5. f4 h6 6. Bh4 Bg7 7. e5 Nh5 8. Qf3 c5 9. exd6 cxd4 10. Bxe7 Qa5 11. Qe2 Nxf4 12. Qe4 Ne6 13. Qd5 Qb6 14. Nb5 a6 15. Nf3 axb5 16. Bxb5 d3 17. Qxd3 Bxb2 18. Rb1 Rxa2 19. Qc4 Ra8 20. Kd1 Qf2 21. Re1 Qxg2 22. Nh4 Qxh2 23. Rxe6 fxe6 24. Qxe6 Qg1+ 25. Ke2 Qh2+ 26. Kd1 Qg1+ 27. Ke2 1/2-1/2